| 000 | 00359nam a2200145 a 4500 | ||
|---|---|---|---|
| 008 | 991018s1959||||xx 0 und c | ||
| 040 |
_aSNK _bslo _cSNK _eAACR2 |
||
| 100 | 1 | _aDiderot, Denis | |
| 245 | 1 | 0 | _aSkutočnosť v umení |
| 260 |
_aBratislava _bSlovenský Spisovateľ _c1959 |
||
| 300 | _a384 s. | ||
| 044 |
_axo _cSK |
||
| 041 | _aslo | ||
| 020 | _c31,40 | ||
| 999 |
_c14875 _d14875 |
||